[Event "Gibraltar Masters 9th"]
[Site "Caleta"]
[Date "2011.01.25"]
[Round "1"]
[White "Nezad, Husein Aziz"]
[Black "Caruana, Fabiano"]
[Result "0-1"]
[WhiteElo "2420"]
[BlackElo "2721"]
[PlyCount "76"]
[EventDate "2011.01.25"]
[EventType "swiss"]
[EventRounds "10"]
[EventCountry "GGB"]
[SourceTitle "CBM 141"]
[Source "ChessBase"]
[SourceDate "2011.03.17"]
[SourceVersion "1"]
[SourceVersionDate "2011.03.17"]
[SourceQuality "1"]

1. d4 Nf6 2. c4 Nc6 3. Nf3 e6 4. Nc3 Bb4 5. Qc2 d6 6. Bd2 a5 7. a3 Bxc3 8. Bxc3 Qe7 9. g3 ({RR} 9. e4 e5 10. d5 Nb8 11. c5 Nbd7 12. cxd6 cxd6 13. Nd2 O-O 14. Be2 Nc5 15. b4 axb4 16. axb4 Rxa1+ 17. Bxa1 Na6 18. Qb3 Bg4 19. f3 Bd7 20. Nc4 Nc7 21. Qe3 Nh5 22. g3 Bb5 23. O-O f5 {Carlsen,M (2776)-Ivanchuk,V (2779) Nice 2009 ½-½ (45)}) ({RR} 9. e4 e5 10. d5 Nb8 11. c5 O-O 12. cxd6 cxd6 13. Nd2 Nbd7 14. Be2 b6 15. b4 axb4 16. axb4 Bb7 17. O-O Rfc8 18. Rxa8 Rxa8 19. Ra1 Qd8 20. Bb5 Rxa1+ 21. Bxa1 Nf8 22. Nc4 Ng4 23. f3 Qh4 {Gustafsson,J (2604)-Loxine,J (2395) Bad Mergentheim GER 2025 1-0}) 9... O-O 10. Bg2 a4 $146 ({RR} 10... e5 11. d5 Nb8 12. O-O c6 13. Nh4 cxd5 14. cxd5 Qd8 15. e4 Na6 16. Rae1 Bd7 17. f4 exf4 18. Rxf4 Ng4 19. Nf5 Ne5 20. Qd2 Nc5 21. Nxd6 Nb3 22. Qe3 Ng4 23. Rxg4 Bxg4 24. e5 Qc7 25. Qg5 {Bareev,E (2719)-Gofshtein,L (2518) Panormo 2001 1-0 (40)}) ({RR} 10... Bd7 11. b3 e5 12. dxe5 dxe5 13. O-O Bg4 14. Qb2 Rfe8 15. h3 Bf5 16. Rad1 h6 17. b4 axb4 18. axb4 Ne4 19. b5 Na5 20. Bxa5 Rxa5 21. Nh4 Bh7 22. Rd5 b6 23. Rfd1 Nd6 24. c5 bxc5 25. Rxc5 {Calistri,T-Neiman,E (2255) Paris 1994 1-0 (37)}) 11. O-O Bd7 12. e4 e5 13. d5 Nb8 14. Nh4 Na6 15. Rae1 Rae8 16. Qd1 b5 17. f4 bxc4 18. fxe5 dxe5 19. Nf5 Qc5+ 20. Kh1 Qb6 21. Qe2 Nc5 22. Ne3 Bb5 23. Nf5 Bd7 24. Ne3 Bb5 25. Nf5 Nd3 26. Qd2 Ng4 27. Bf3 Ngf2+ 28. Kg2 Nxe1+ 29. Rxe1 Nd3 30. Rf1 Bd7 31. Ne3 Qh6 32. h4 f5 33. exf5 Bxf5 34. Qe2 Nf4+ 35. gxf4 exf4 36. Qxc4 fxe3 37. Rg1 e2 38. Kh2 Re4 0-1

[Event "Amsterdam NH Hotels 4th"]
[Site "Amsterdam"]
[Date "2009.08.22"]
[Round "3"]
[White "Nielsen, Peter Heine"]
[Black "Caruana, Fabiano"]
[Result "1/2-1/2"]
[WhiteElo "2680"]
[BlackElo "2670"]
[PlyCount "50"]
[EventDate "2009.08.20"]
[EventType "schev"]
[EventRounds "10"]
[EventCountry "NED"]
[SourceTitle "CBM 132"]
[Source "ChessBase"]
[SourceDate "2009.09.16"]
[SourceVersion "1"]
[SourceVersionDate "2009.09.16"]
[SourceQuality "1"]

1. d4 Nf6 2. c4 e6 3. Nf3 Bb4+ 4. Nc3 b6 5. Qc2 Bb7 6. a3 Bxc3+ 7. Qxc3 d6 8. g3 Nbd7 9. Bg2 a5 10. b3 O-O 11. O-O Be4 12. Bb2 c6 13. Bh3 b5 14. Nd2 bxc4 $146 ({RR} 14... Bg6 15. Bg2 d5 16. a4 Qb6 17. cxb5 cxb5 18. Rfc1 Rfb8 19. Qc6 h6 20. f3 Qxc6 21. Rxc6 bxa4 22. Rxa4 Nb6 23. Ra3 Nfd7 24. Bf1 Rc8 25. Rc3 Rxc3 26. Bxc3 a4 27. b4 Bc2 28. e3 Rc8 29. b5 {Omelja,A (2499)-Cioara,A (2417) Germany 2021 1-0 (88)}) ({RR} 14... Bg6 15. Bg2 d5 16. a4 Qb6 17. cxb5 cxb5 18. Rfc1 Rfb8 19. Qc6 h6 20. f3 Qxc6 21. Rxc6 bxa4 22. Rxa4 Nb6 23. Ra3 Nfd7 24. Bf1 Rc8 25. Rc3 Rxc3 26. Bxc3 a4 27. b4 Bc2 28. e3 Rc8 29. b5 {Omelja,A (2499)-Cioara,A (2417) Germany 2021 1-0 (88)}) 15. bxc4 d5 16. a4 Re8 17. Rfc1 Bg6 18. cxd5 cxd5 19. Qc7 Nb6 20. Bf1 Qxc7 21. Rxc7 Rec8 22. Rxc8+ Rxc8 23. Nb3 Rc2 24. Ba3 Nxa4 25. Nxa5 Nc3 1/2-1/2

[Event "Titled Tue 2nd Jan Late"]
[Site "chess.com INT"]
[Date "2024.01.02"]
[Round "7"]
[White "Nihal, Sarin"]
[Black "Caruana, F.."]
[Result "0-1"]
[WhiteElo "2693"]
[BlackElo "2804"]
[PlyCount "110"]
[EventDate "2024.01.02"]

1. d4 {ChessBase II} Nf6 2. c4 e6 3. Nf3 d5 4. Nc3 Bb4 5. e3 O-O 6. Bd2 Nbd7 7. Be2 ({RR} 7. Qc2 c5 8. cxd5 exd5 9. dxc5 Nxc5 10. Bd3 Nxd3+ 11. Qxd3 Bg4 12. Nd4 Rc8 13. O-O a6 14. a3 Bd6 15. Be1 Bh5 16. f4 Nd7 17. Nxd5 Nc5 18. Qf5 Bg6 19. Qg4 f5 20. Qf3 Qe8 21. Nb6 Rd8 {Tran,T (2310)-Debashis,D (2477) Sharjah 2013 1-0 (53)}) 7... dxc4 ({RR} 7... c5 8. O-O cxd4 9. exd4 dxc4 10. Bxc4 Nb6 11. Be2 Bxc3 12. Bxc3 Nbd5 13. Qb3 Ne4 14. Ne5 Ndxc3 15. bxc3 Nd2 16. Qc2 Nxf1 17. Bxf1 f6 18. Nf3 Bd7 19. Qe4 Qc7 20. Rb1 Qc6 21. Qe3 a6 22. c4 {Yushko,O (2034)-Gorli Nyna (1876) FIDE Online Arena INT 2024 0-1 (37)}) 8. O-O $146 ({RR} 8. Bxc4 a6 9. O-O b5 10. Be2 ({RR} 10. Bd3 c5) 10... Bb7 11. a4 bxa4 12. Nxa4 Bxd2 13. Qxd2 Qe7 14. Qa5 Qd6 15. Rfc1 Rfc8 16. Nc5 Nxc5 17. dxc5 Qd5 18. c6 Bxc6 19. Rc5 Qd6 20. Rd1 Bd5 21. Nd4 Nd7 22. Rc3 c5 {Duchamp,M-Znosko Borovsky,E Nice 1930 EXT 1999 [ChessBase II] ½-½ (32)}) 8... Nb6 9. Ne5 c5 10. dxc5 Bxc5 11. Nxc4 Nxc4 12. Bxc4 b6 13. Qe2 Bb7 14. Rfd1 Qc7 15. a3 a6 16. h3 b5 17. Bd3 Qe5 18. Rac1 Rfd8 19. Be1 Qg5 20. Qf1 Bb6 21. Bb1 g6 22. Rxd8+ Rxd8 23. Rd1 Rxd1 24. Nxd1 Bc7 25. Bc3 Ne4 26. f4 Qd5 27. Bd4 Nd2 28. Nc3 Qxd4 29. exd4 Nxf1 30. Kxf1 Bxf4 31. Ba2 Bc1 32. Nd1 Kf8 33. g3 Ke7 34. Ke2 Be4 35. Bb3 Kd6 36. Nf2 Bb1 37. Nd3 Bxd3+ 38. Kxd3 Bxb2 39. a4 f5 40. axb5 axb5 41. Ba2 Bc1 42. Bb3 Bg5 43. Ke2 Bd8 44. Kd3 h5 45. Ke3 Bb6 46. Kd3 Bc7 47. Ke3 Ke7 48. g4 fxg4 49. hxg4 hxg4 50. Ke4 g3 51. Kf3 b4 52. Bc4 g5 53. Bb3 Bf4 54. Bc4 Kd6 55. Bb3 e5 0-1

[Event "45th Olympiad 2024"]
[Site "Budapest HUN"]
[Date "2024.09.15"]
[Round "5.7"]
[White "Peralta, Fernando"]
[Black "Caruana, Fabiano"]
[Result "0-1"]
[WhiteElo "2558"]
[BlackElo "2798"]
[PlyCount "60"]
[EventDate "2024.09.11"]
[WhiteTeam "Argentina"]
[BlackTeam "United States of America"]
[WhiteTeamCountry "ARG"]

1. d4 Nf6 2. c4 e6 3. Nc3 Bb4 4. e3 b6 5. Nge2 Ne4 6. Qc2 Bb7 7. h4 O-O 8. a3 Bxc3+ 9. Nxc3 Nxc3 10. Qxc3 d5 $146 ({RR} 10... d6 11. b4 Nd7 12. Bb2 a5 13. f3 Qe7 14. c5 axb4 15. axb4 Rxa1+ 16. Bxa1 Ra8 17. Bb2 bxc5 18. dxc5 Nf6 19. c6 Bc8 20. Kf2 e5 21. e4 Be6 22. Be2 Nh5 23. g3 Rf8 24. Qe3 f5 25. exf5 {0-1 Putrenko,K (2372)-Postny,E (2600) 2nd Paphos Int Open 2024 (5.3)}) ({RR} 10... d6 11. b3 Nd7 12. Bb2 e5 13. O-O-O Qe7 14. f3 a5 15. Kb1 Rfe8 16. Bd3 exd4 17. exd4 d5 18. c5 Qf6 19. Qc2 Nf8 20. g4 Qxf3 21. Rde1 bxc5 22. Ref1 Qxg4 23. dxc5 d4 24. c6 Ba6 25. Rhg1 {0-1 Ismagilov,D (2174)-Bharath,S (2566) Abu Dhabi Masters Online 2024 (5)}) 11. b3 Nd7 12. Bb2 f5 13. f3 Qe7 14. O-O-O $146 ({RR} 14. Kf2 c5 15. Kg1 Rac8 16. Qe1 dxc4 17. bxc4 Ba6 18. Rc1 Rc7 19. Qg3 Nf6 20. h5 h6 21. Rh4 cxd4 22. Bxd4 Rfc8 23. a4 Qf7 24. e4 Nxh5 25. Qh3 Nf6 26. exf5 exf5 27. Qxf5 Bxc4 28. Bxc4 Rxc4 {Gledura,B (2659)-Pechac,J (2603) Slovakia SVK 2025 ½-½ (40)}) 14... c5 15. h5 h6 16. Kb1 Rac8 17. dxc5 Rxc5 18. Qd4 e5 19. Qh4 Nf6 20. Qg3 dxc4 21. Bxc4+ Bd5 22. Rc1 Bxc4 23. Rxc4 Rxc4 24. bxc4 Re8 25. Qg6 Qd7 26. Ka1 Nh7 27. Rc1 Nf8 28. Qg3 Qd2 29. c5 bxc5 30. Rxc5 f4 0-1

[Event "45th Olympiad 2024"]
[Site "Budapest HUN"]
[Date "2024.09.15"]
[Round "5.7"]
[White "Peralta, Fe"]
[Black "Caruana, F.."]
[Result "0-1"]
[WhiteElo "2558"]
[BlackElo "2798"]
[PlyCount "60"]
[EventDate "2024.09.11"]
[WhiteTeam "Argentina"]
[BlackTeam "United States of America"]
[WhiteTeamCountry "ARG"]

1. d4 Nf6 2. c4 e6 3. Nc3 Bb4 4. e3 b6 5. Nge2 Ne4 6. Qc2 Bb7 7. h4 O-O 8. a3 Bxc3+ 9. Nxc3 Nxc3 10. Qxc3 d5 11. b3 Nd7 12. Bb2 f5 13. f3 Qe7 14. O-O-O $146 ({RR} 14. Kf2 c5 15. Kg1 Rac8 16. Qe1 dxc4 17. bxc4 Ba6 18. Rc1 Rc7 19. Qg3 Nf6 20. h5 h6 21. Rh4 cxd4 22. Bxd4 Rfc8 23. a4 Qf7 24. e4 Nxh5 25. Qh3 Nf6 26. exf5 exf5 27. Qxf5 Bxc4 28. Bxc4 Rxc4 {Gledura,B (2659)-Pechac,J (2603) Slovakia SVK 2025 ½-½ (40)}) 14... c5 15. h5 h6 16. Kb1 Rac8 17. dxc5 Rxc5 18. Qd4 e5 19. Qh4 Nf6 20. Qg3 dxc4 21. Bxc4+ Bd5 22. Rc1 Bxc4 23. Rxc4 Rxc4 24. bxc4 Re8 25. Qg6 Qd7 26. Ka1 Nh7 27. Rc1 Nf8 28. Qg3 Qd2 29. c5 bxc5 30. Rxc5 f4 0-1

[Event "Titled Tue 1st Nov Early"]
[Site "chess.com INT"]
[Date "2022.11.01"]
[Round "10"]
[White "Rakhmanov, Ale"]
[Black "Caruana, F.."]
[Result "1-0"]
[WhiteElo "2630"]
[BlackElo "2766"]
[PlyCount "111"]
[EventDate "2022.11.01"]

1. d4 Nf6 2. c4 e6 3. Nc3 Bb4 4. e3 O-O 5. Bd3 c5 6. Nf3 d5 7. cxd5 cxd4 8. exd4 Nxd5 9. O-O Nc6 10. Qc2 h6 11. a3 Be7 12. Rd1 Bf6 13. Bh7+ Kh8 14. Be4 Nce7 15. Ne5 Bd7 ({RR} 15... b6 16. Ng4 Rb8 17. Bxd5 Nxd5 18. Nxd5 exd5 19. Ne5 Bb7 20. Bf4 Rc8 21. Qf5 Bxe5 22. Bxe5 f6 23. Bf4 Qe8 24. Re1 Qf7 25. h4 Rfe8 26. f3 Rcd8 27. Kf2 Bc8 28. Qd3 Be6 29. Rac1 Rc8 30. Qa6 {Cofre Archibold,N (2226)-Khalafvand,D (1985) chess.com INT 2025 1-0 (56)}) 16. Rd3 $146 ({RR} 16. Qe2 Rc8 17. Qh5 Bxe5 18. dxe5 Nxc3 19. bxc3 Ng6 20. Bxh6 Kg8 21. Bg5 Qc7 22. Bf6 Be8 23. Rd3 Qxc3 24. Rxc3 Rxc3 25. Be7 {1-0 (25) Adla,D (2383)-Devaev,A (2325) chess.com INT 2023}) 16... Rc8 17. Rh3 Nf5 18. g4 Nh4 19. f4 g5 20. fxg5 hxg5 21. Qd2 Kg8 22. Rxh4 Nf4 23. Rh6 Bc6 24. Nxc6 bxc6 25. Rxf6 Qxf6 26. Qe3 Rfd8 27. Ne2 Nxe2+ 28. Qxe2 Rxd4 29. Bd2 Rcd8 30. Bc3 c5 31. Rf1 Qg7 32. Bf3 Qf6 33. Qf2 Kg7 34. Bxd4 Rxd4 35. Be2 Qe7 36. h3 Rf4 37. Qe3 Rd4 38. Rf2 f6 39. Kg2 Qd6 40. Bf3 Rd3 41. Qe2 Rd4 42. Qe1 c4 43. Re2 e5 44. Be4 Qb6 45. Qf2 Qd6 46. Qf5 Kf8 47. Rf2 Ke7 48. Qh7+ Kd8 49. Qg8+ Kc7 50. Qa8 Qb6 51. Bf3 Rf4 52. Re2 e4 53. Bxe4 Qd4 54. Bf3 Qc5 55. Qb7+ Kd6 56. Qe7# 1-0

[Event "American Cup Champ"]
[Site "Saint Louis USA"]
[Date "2023.03.18"]
[Round "1.3"]
[White "Robson, R.."]
[Black "Caruana, F.."]
[Result "1/2-1/2"]
[WhiteElo "2702"]
[BlackElo "2766"]
[PlyCount "137"]
[EventDate "2023.03.17"]
[EventType "k.o."]

1. d4 Nf6 2. c4 e6 3. Nc3 Bb4 4. e3 O-O 5. Nf3 b6 6. Bd3 Bb7 7. O-O c5 8. Re1 d5 9. cxd5 Nxd5 ({RR} 9... cxd4 10. exd4 Nxd5 11. Bg5 Be7 12. Bxe7 Qxe7 13. Ne5 Nd7 14. Ne4 Nf4 15. Bf1 Nf6 16. Nxf6+ gxf6 17. Qg4+ Ng6 18. Nd3 Kh8 19. f3 Qd6 20. Rad1 f5 21. Qg5 Qxd4+ 22. Kh1 Qg7 23. Nf4 Nxf4 24. Qxf4 {Wang,S (2452)-Xiao,T (2520) Shaoxing CHN 2025 0-1 (55)}) 10. Bd2 cxd4 11. exd4 Be7 $146 ({RR} 11... Nd7 12. Rc1 N5f6 13. a3 Be7 14. Bf4 Rc8 15. Qe2 Nh5 16. Be3 Nhf6 17. h3 Nd5 18. Nxd5 Bxd5 19. Ba6 Rxc1 20. Rxc1 Nf6 21. Ne5 Bd6 22. Bg5 Qe7 23. Ng4 Kh8 24. Bd3 Rg8 25. Bh4 Qd8 26. Nxf6 {Urazayev,A (2465)-Jumabayev,R (2609) Almaty KAZ 2022 1-0 (31)}) 12. Ne4 Nd7 13. a3 h6 14. Qe2 Rc8 15. Ne5 N5f6 16. Ng3 Bd5 17. Bf4 Nxe5 18. dxe5 Nd7 19. Qg4 Bg5 20. Nh5 f5 21. exf6 Nxf6 22. Nxf6+ Qxf6 23. Bg3 Bf4 24. Bxf4 Qxf4 25. Qxf4 Rxf4 26. f3 Rf7 27. Rac1 Rfc7 28. Rxc7 Rxc7 29. Kf2 Kf7 30. Ke3 Kf6 31. h4 a5 32. Rg1 Rc5 33. g4 Bc4 34. g5+ hxg5 35. hxg5+ Ke7 36. b4 axb4 37. axb4 Rc8 38. Rc1 b5 39. Bxc4 bxc4 40. Kd4 Rd8+ 41. Ke4 Rc8 42. Kd4 Rd8+ 43. Ke4 Rc8 44. f4 Kd6 45. Kd4 Rf8 46. Ke4 Rc8 47. Rc3 g6 48. Kd4 Rf8 49. Ke4 Rc8 50. Kd4 Rf8 51. Rf3 Rc8 52. Ra3 Rf8 53. Ra6+ Kd7 54. Kxc4 Rxf4+ 55. Kc3 Rf5 56. Ra5 e5 57. Ra7+ Kc8 58. Kc4 Rxg5 59. Kd5 Rf5 60. Rg7 e4+ 61. Kxe4 Rb5 62. Rxg6 Rxb4+ 63. Kd5 Kb7 64. Kc5 Rb1 65. Rh6 Ka7 66. Rg6 Kb7 67. Rh6 Ka7 68. Rg6 Kb7 69. Rh6 1/2-1/2

[Event "Airthings Masters Div 2 W"]
[Site "chess.com INT"]
[Date "2023.02.07"]
[Round "2.2"]
[White "Salem, AR."]
[Black "Caruana, F.."]
[Result "1/2-1/2"]
[WhiteElo "2677"]
[BlackElo "2766"]
[PlyCount "49"]
[EventDate "2023.02.06"]

1. d4 Nf6 2. c4 e6 3. Nc3 Bb4 4. e3 O-O 5. Bd3 d5 6. a3 Be7 7. Nf3 dxc4 8. Bxc4 c5 9. O-O cxd4 ({RR} 9... a6 10. e4 b5 11. Ba2 Bb7 12. e5 Ne4 13. Nxe4 Bxe4 14. Re1 Bd5 15. dxc5 Bxa2 16. Rxa2 Qxd1 17. Rxd1 a5 18. Be3 Rc8 19. b3 Na6 20. Rc2 Rc7 21. c6 Bxa3 22. Bb6 Rcc8 23. c7 Be7 24. Bxa5 {Sarana,A (2689)-Esipenko,A (2691) chess.com INT 2025 1-0}) ({RR} 9... a6 10. dxc5 Bxc5 11. Qe2 Nbd7 12. e4 b5 13. Ba2 Bb7 14. e5 Nd5 15. Nxd5 Bxd5 16. Bxd5 exd5 17. Rd1 Nb6 18. Be3 Bxe3 19. Qxe3 Re8 20. b3 Rc8 21. Rac1 h6 22. h3 Rxc1 23. Rxc1 Nd7 24. Qd4 {Zaja,I (2418)-Muratovic,E (2322) Bosnjaci CRO 2025 1-0 (52)}) 10. exd4 Nc6 11. Re1 Nd5 $146 ({RR} 11... b6 12. Ba2 Bb7 13. Qd3 Qd6 14. Bg5 Rad8 15. Rad1 Rfe8 16. Qe2 Qb8 17. h3 Nh5 18. Be3 Nf6 19. Qc2 Rd7 20. Ng5 Nd8 21. d5 exd5 22. Bd4 Ne4 23. Ngxe4 dxe4 24. Nxe4 Nc6 25. Bc3 Rxd1 26. Qxd1 {Ravikumar,V (2415)-Blees,A (2225) Ramsgate 1984 1-0 (37)}) 12. Qd3 Bf6 13. Bb3 Nxc3 14. bxc3 b6 15. h4 Bb7 16. Ng5 g6 17. Rxe6 Na5 18. Ba2 fxe6 19. Nxe6 Qe7 20. Nxf8+ Kxf8 21. Bh6+ Bg7 22. Bg5 Bf6 23. Bh6+ Bg7 24. Bg5 Bf6 25. Bh6+ 1/2-1/2

[Event "Titled Tue 30th Apr Late"]
[Site "chess.com INT"]
[Date "2024.04.30"]
[Round "6"]
[White "Salinas Herrera, P.."]
[Black "Caruana, F.."]
[Result "1/2-1/2"]
[WhiteElo "2487"]
[BlackElo "2803"]
[PlyCount "164"]
[EventDate "2024.04.30"]

1. d4 Nf6 2. c4 e6 3. Nc3 Bb4 4. e3 O-O 5. Bd2 d5 6. Nf3 Nbd7 7. Rc1 Be7 8. Bd3 ({RR} 8. Qc2 a6 9. a4 c5 10. cxd5 exd5 11. Be2 b6 12. O-O Bb7 13. Rfd1 Re8 14. Ne5 Rc8 15. Bf3 Bd6 16. Nxd7 Qxd7 17. dxc5 bxc5 18. Be1 d4 19. Bxb7 Qxb7 20. exd4 Qb8 21. d5 Bxh2+ 22. Kf1 Be5 {Harikrishna,P (2731)-Carlsen,M (2870) Kolkata 2019 0-1 (67)}) 8... dxc4 9. Bxc4 a6 10. O-O $146 ({RR} 10. a3 b5 11. Ba2 c5 12. O-O Bb7 13. Qe2 Rc8 14. Rfd1 Qb6 15. dxc5 Nxc5 16. Be1 Rfd8 17. Nd4 g6 18. b4 Nce4 19. Nxe4 Bxe4 20. Nb3 Qb7 21. Na5 Rxd1 22. Qxd1 Qa8 23. f3 Bd5 24. Bb3 Bd8 {Nilssen,E (2126)-Emms,J (2468) Daventry ENG 2023 ½-½ (70)}) ({RR} 10. a4 b6 11. e4 c5 12. dxc5 Nxc5 13. e5 Nfe4 14. Nxe4 Nxe4 15. Be3 Nc5 16. Nd4 Bd7 17. O-O Nxa4 18. Qg4 Kh8 19. b3 Nc5 20. Rfd1 Qe8 21. b4 Na4 22. Bb3 a5 23. Rc7 Rd8 24. bxa5 b5 {Gales,R (2215)-Davtyan,A (2391) Eforie Nord ROU 2025 ½-½}) 10... b5 11. Bb3 c5 12. dxc5 Nxc5 13. Bc2 Bb7 14. Qe2 Qb6 15. Rfd1 Rfd8 16. Be1 b4 17. Na4 Nxa4 18. Bxa4 a5 19. Ne5 Rxd1 20. Rxd1 Rd8 21. Bb3 Bd6 22. Nc4 Qc6 23. f3 Bc7 24. Rxd8+ Bxd8 25. Qd3 Qd5 26. Qxd5 exd5 27. Nd6 Bc6 28. Nf5 Nd7 29. Bc2 Bf6 30. a3 bxa3 31. bxa3 a4 32. Bb4 Nb6 33. Ne7+ Bxe7 34. Bxe7 Nc4 35. Bc5 h6 36. Kf2 f6 37. h4 Kf7 38. h5 Ke6 39. g4 Ne5 40. Bf5+ Kf7 41. f4 Nc4 42. Bg6+ Kg8 43. Bd3 Kf7 44. Bc2 Bb5 45. Bg6+ Kg8 46. e4 dxe4 47. Bxe4 Nd2 48. Bd5+ Kh7 49. Ke3 Nb3 50. Bb4 Bd7 51. f5 Bb5 52. Be4 Nc1 53. Bc2 Nb3 54. Bd1 Kg8 55. Bd6 Bc6 56. Bc2 Kf7 57. Bb4 Bb5 58. Bd6 Kg8 59. Bd1 Bc6 60. Be2 Kh7 61. Bc4 Na1 62. Bd3 Nb3 63. Bc4 Na1 64. Bb4 Nc2+ 65. Kd2 Nd4 66. Ke3 Nf3 67. Be2 Ne5 68. Bc3 Kg8 69. Bxe5 fxe5 70. Bf3 Bb5 71. Bd5+ Kf8 72. Ke4 Be2 73. Kxe5 Bxg4 74. Bc6 Bxh5 75. Bxa4 Bf3 76. Bc2 Ke7 77. a4 Kd7 78. a5 Kc7 79. f6 gxf6+ 80. Kxf6 Kb7 81. Kg6 Ka6 82. Kxh6 Kxa5 1/2-1/2

[Event "Titled Tue 2nd Jan Late"]
[Site "chess.com INT"]
[Date "2024.01.02"]
[Round "10"]
[White "Sarana, A.."]
[Black "Caruana, F.."]
[Result "1-0"]
[WhiteElo "2695"]
[BlackElo "2804"]
[PlyCount "91"]
[EventDate "2024.01.02"]

1. d4 Nf6 2. c4 e6 3. Nc3 Bb4 4. e3 c5 5. Bd3 d5 6. Nf3 dxc4 7. Bxc4 O-O 8. O-O Nc6 9. a3 Ba5 10. h3 a6 ({RR} 10... h6 11. Qd3 a6 12. Ne4 cxd4 13. exd4 Bc7 14. Ba2 Nxe4 15. Qxe4 Qd6 16. Re1 Bd7 17. Bd2 Rad8 18. Rad1 Bc8 19. Bc3 Qf4 20. Qc2 Bb6 21. Re4 Qc7 22. Bb1 f5 23. Ree1 Ne7 24. Bb4 Rfe8 25. Qxc7 {Sarana,A (2717)-Praggnanandhaa,R (2749) Almaty KAZ 2024 1-0 (64)}) ({RR} 10... h6 11. Re1 cxd4 12. exd4 Bc7 13. Ba2 a6 14. Be3 Ne7 15. Qd3 b5 16. Rad1 Bb7 17. Bc1 {½-½ (17) Ushenina,A (2428)-Javakhishvili,L (2429) Rhodes GRE 2025}) 11. dxc5 Bxc3 12. bxc3 Qe7 $146 ({RR} 12... Qxd1 13. Rxd1 Na5 14. Ba2 Bd7 15. Ne5 Rfd8 16. Rd4 Rac8 17. a4 Rxc5 18. Nxd7 Rxd7 19. Ba3 Rcc7 20. Rad1 Nc6 21. Rxd7 Rxd7 22. Rxd7 Nxd7 23. Kf1 Nb6 24. Bb3 Na5 25. Bc2 Nac4 26. Bc1 Kf8 27. Ke2 {Sarana,A (2688)-Schoppen,C (2537) Zagreb CRO 2023 1-0 (119)}) 13. a4 Qxc5 14. Qe2 Rd8 15. e4 Ne5 16. Nxe5 Qxe5 17. f3 Bd7 18. Be3 Qxc3 19. Rfc1 Qe5 20. Qe1 Bc6 21. Bf1 h6 22. Rc5 Qc7 23. a5 Qe7 24. Rc2 Nd7 25. Qg3 Qf6 26. Rac1 Ne5 27. Rc5 Ng6 28. Kh2 Rd7 29. R5c3 e5 30. Rc5 Rd6 31. Qg4 Rad8 32. Qf5 Qe7 33. Qh5 Qe8 34. Bc4 Kh7 35. Qf5 Rf6 36. Qg4 Nf4 37. Rc2 Rdd6 38. Qh4 g5 39. Qe1 h5 40. Qc3 Qd7 41. Qxe5 Rg6 42. Bxf4 gxf4 43. Qxf4 Kg7 44. Rxh5 Rdf6 45. Qh4 Kf8 46. Rh8+ 1-0

[Event "chess.com SpeedChess 2024"]
[Site "chess.com INT"]
[Date "2024.07.31"]
[Round "1.6"]
[White "Sarana, A.."]
[Black "Caruana, F.."]
[Result "1/2-1/2"]
[WhiteElo "2717"]
[BlackElo "2796"]
[PlyCount "154"]
[EventDate "2024.07.25"]
[EventType "k.o."]

1. d4 Nf6 2. c4 e6 3. Nc3 Bb4 4. e3 b6 5. Bd3 Bb7 6. Nf3 O-O 7. O-O c5 8. Na4 cxd4 9. a3 Be7 10. exd4 Bxf3 11. Qxf3 Nc6 12. Be3 e5 13. dxe5 Nxe5 14. Qe2 d5 15. Rfd1 Nxd3 16. Qxd3 dxc4 17. Qxc4 Qc8 18. Qb5 Ng4 $146 ({RR} 18... Rd8 19. h3 Qb7 20. Nc3 Rxd1+ 21. Rxd1 Rd8 22. Rxd8+ Bxd8 23. a4 Qd7 24. Qc4 h6 25. Kf1 Ne8 26. Qb5 Qe6 27. Qd5 Qc8 28. Qd3 Nc7 29. b3 Bf6 30. Nd5 Nxd5 31. Qxd5 Qc2 32. g3 Qc8 33. Kg2 {Malaniuk,V (2529)-Licznerski,L (2321) Gora Sw Anny 2013 1-0 (59)}) 19. Bf4 Qc2 20. Rd2 Qg6 21. Re1 Qf6 22. g3 g5 23. Bc7 Rfc8 24. Qd7 Bf8 25. Nc3 Qg6 26. Qxg4 Rxc7 27. Nd5 Rc6 28. Re5 h6 29. h4 gxh4 30. Qxh4 Rc1+ 31. Kg2 Qb1 32. Nf6+ Kh8 33. Qe4 Qxe4+ 34. Nxe4 Rac8 35. Red5 R1c2 36. Kf3 Rxd2 37. Rxd2 Kg7 38. Nd6 Rc5 39. Ne4 Rc6 40. Kg4 Kg6 41. Kf3 Bg7 42. b4 f5 43. Rd6+ Rxd6 44. Nxd6 Bb2 45. a4 Ba3 46. Nb5 Bxb4 47. Nxa7 Bc5 48. Nb5 h5 49. Nc7 Kf6 50. Nd5+ Kg5 51. Nf4 Bd6 52. Nd3 h4 53. gxh4+ Kxh4 54. Nf4 Kg5 55. Nd5 Bc5 56. Kg3 Bd4 57. f4+ Kg6 58. Kf3 Kf7 59. Nc7 Ke7 60. Nb5 Bc5 61. Ke2 Ke6 62. Kd3 Kd5 63. Nc3+ Kc6 64. Kc4 Be3 65. Nd5 Bc1 66. Kd4 Bb2+ 67. Kc4 Bc1 68. Nb4+ Kd6 69. Nd3 Be3 70. Nb4 Bxf4 71. Nd5 Be5 72. Nxb6 f4 73. Nd5 f3 74. Ne3 f2 75. Kd3 Kc5 76. Ke2 Kb4 77. Kxf2 Kxa4 1/2-1/2

[Event "chess.com SpeedChess 2024"]
[Site "chess.com INT"]
[Date "2024.07.31"]
[Round "1.22"]
[White "Sarana, A.."]
[Black "Caruana, F.."]
[Result "0-1"]
[WhiteElo "2717"]
[BlackElo "2796"]
[PlyCount "94"]
[EventDate "2024.07.25"]
[EventType "k.o."]

1. d4 Nf6 2. c4 e6 3. Nc3 Bb4 4. Qc2 d5 5. a3 Bxc3+ 6. Qxc3 O-O 7. Nf3 b6 8. Bg5 Nbd7 9. cxd5 exd5 10. e3 c5 ({RR} 10... h6 11. Qc6 Bb7 12. Bxf6 Qc8 13. Qc2 Nxf6 14. Rc1 c5 15. dxc5 bxc5 16. Qxc5 Qxc5 17. Rxc5 Rfc8 18. Rxc8+ Rxc8 19. Kd1 Ne4 20. Rg1 Nxf2+ 21. Kd2 Ne4+ 22. Kd1 Nf2+ 23. Kd2 Ne4+ 24. Kd1 Nf2+ 25. Kd2 {Artemiev,V (2691)-Yakubboev,N (2659) Tashkent UZB 2025 ½-½}) 11. Nd2 ({RR} 11. Bb5 h6 12. Bh4 a6 13. Bc6 Ra7 14. dxc5 bxc5 15. O-O Qb6 16. Ba4 Ne4 17. Qb3 Qe6 18. Qc2 Nb6 19. Bb3 Rc7 20. Ba2 Qg6 21. Rac1 Re8 22. Bb1 Bf5 23. Nd4 Bh3 24. Bg3 Rcc8 25. Nf3 Nxg3 {Abdusattorov,N (2725)-Caruana,F (2782) Dusseldorf GER 2023 ½-½ (40)}) 11... h6 $146 ({RR} 11... a5 12. a4 h6 13. Bh4 Qe7 14. Bb5 Ba6 15. Bxa6 Rxa6 16. O-O Raa8 17. Rac1 Rfc8 18. h3 Qe6 19. Rfd1 Rc6 20. Bxf6 Nxf6 21. dxc5 bxc5 22. Nb3 Ne4 23. Qc2 Qe5 24. Nd2 Ng5 25. h4 Ne6 26. Nf3 {Shankland,S (2710)-Petrosyan,M (2621) Almaty KAZ 2022 1-0 (69)}) 12. Bh4 a5 13. Bb5 Ba6 14. Bxa6 Rxa6 15. O-O a4 16. b3 axb3 17. Qxb3 Qe7 18. a4 Rfa8 19. Rfb1 Qe6 20. Qc2 c4 21. Rb5 Qc6 22. Rb4 b5 23. Nb1 bxa4 24. Nc3 a3 25. Bxf6 Nxf6 26. Rab1 Qd6 27. Rb7 Ra5 28. h3 a2 29. Ra1 Ne4 30. Nxe4 dxe4 31. Rb2 Qa6 32. Qxe4 c3 33. Rb3 Ra3 34. Rb4 Rc8 35. Qc2 Qa5 36. Rb7 Qa6 37. Rb4 Qa5 38. Rb7 Qa4 39. Qf5 Qc4 40. Rxf7 c2 41. Rd7 c1=Q+ 42. Rxc1 Qxc1+ 43. Kh2 Qc7+ 44. Rxc7 Rxc7 45. Qd5+ Rf7 46. Qd8+ Rf8 47. Qd5+ Kh8 0-1

[Event "chess.com SpeedChess 2024"]
[Site "chess.com INT"]
[Date "2024.07.31"]
[Round "1.12"]
[White "Sarana, A.."]
[Black "Caruana, F.."]
[Result "1-0"]
[WhiteElo "2717"]
[BlackElo "2796"]
[PlyCount "123"]
[EventDate "2024.07.25"]
[EventType "k.o."]

1. d4 Nf6 2. c4 e6 3. Nc3 Bb4 4. e3 b6 5. Nge2 Ba6 6. Qa4 c5 7. a3 Bxc3+ 8. Nxc3 O-O 9. d5 exd5 10. cxd5 Bxf1 11. Rxf1 ({RR} 11. Kxf1 d6 12. f3 Nbd7 13. e4 Ne5 14. Qc2 b5 15. Kf2 Qb6 16. Be3 a5 17. h3 b4 18. Ne2 Rfb8 19. Rhb1 Qb5 20. Rd1 Qc4 21. Rac1 Qxc2 22. Rxc2 bxa3 23. bxa3 Rb3 24. Rc3 a4 25. Bf4 Nfd7 {Sarana,A (2717)-Caruana,F (2796) chess.com INT 2024 0-1 (50)}) 11... d6 $146 ({RR} 11... a6 12. f3 d6 13. e4 Nbd7 14. Bf4 b5 15. Qc2 Qe7 16. Kf2 c4 17. Kg1 Nc5 18. Ne2 Nd3 19. Bg3 Qa7+ 20. Kh1 Qc5 21. Nc1 Nxc1 22. Rfxc1 Rac8 23. Qd2 Nd7 24. Qa5 f5 25. exf5 Rxf5 26. Qe1 {Wildi,M (2310)-Florea,D (1965) Germany 1996 1-0 (40)}) 12. f3 Nbd7 13. e4 Ne5 14. Qc2 b5 15. Bf4 Re8 16. Nxb5 Nxd5 17. Bxe5 Rxe5 18. Qd2 Rb8 19. Nc3 Nb6 20. Rf2 d5 21. Qf4 Re8 22. Rc1 Nc4 23. Nxd5 Nxb2 24. Rd2 c4 25. Nb4 Nd3+ 26. Nxd3 cxd3 27. Qe3 Qh4+ 28. g3 Qh5 29. Qxd3 h6 30. h4 a5 31. Kf2 a4 32. Qd5 Re5 33. Qd4 Ra5 34. Rc3 Qb5 35. Kg2 Qa6 36. Rdc2 Rab5 37. h5 Rb2 38. g4 Qb7 39. Kg3 Rxc2 40. Rxc2 Qe7 41. Qc5 Qe6 42. Qc7 Re8 43. Qc6 Qe5+ 44. Kg2 Rd8 45. Qc3 Qb5 46. Rb2 Qa6 47. Qb4 Rd1 48. Rf2 Qc6 49. Qb2 Qc4 50. Qc2 Qd4 51. Qc8+ Kh7 52. Qf5+ Kg8 53. Qc8+ Kh7 54. Qc2 Qa1 55. e5+ Kg8 56. Qc8+ Kh7 57. Qc2+ Kg8 58. Rd2 Rg1+ 59. Kh2 Rh1+ 60. Kg3 Qe1+ 61. Kf4 Qg1 62. Rd8# 1-0